| 000 | 01109nam a22002655a 4500 | ||
|---|---|---|---|
| 003 | OSt | ||
| 005 | 20161128154647.0 | ||
| 008 | 161128s2011 ua frbl 000 0 ara d | ||
| 015 | _a2007/17155 | ||
| 020 | _a9770452247 | ||
| 040 |
_aEG-ScBUE _bara _cEG-ScBUE |
||
| 082 | 0 | 4 |
_a345.0268 _bأ ح م _222 |
| 100 | 1 | _aأحمد، هلالي عبد اللاه. | |
| 245 | 1 | 0 |
_aاتفاقية بودابست لمكافحة جرائم المعلوماتية : _bمعلقا عليها / _cتأليف هلالي عبد اللاه أحمد. |
| 250 | _aط. 8. | ||
| 260 |
_aالقاهرة : _bدار النهضة العربية، _c2011. |
||
| 300 |
_a448 ص. ؛ _c24 سم. |
||
| 504 | _aيشتمل على إرجاعات ببليوجرافية. | ||
| 630 | 0 | 7 |
_aاتفاقية بودابست _d(23 نوفمبر 2001) _2BUEsh |
| 650 | 7 |
_aجرائم الحاسبات الإلكترونية (قانون دولي) _vمعاهدات. _2BUEsh |
|
| 650 | 7 |
_aأمن الحاسبات الإلكترونية (قانون دولي) _vمعاهدات. _2BUEsh |
|
| 651 | _2BUEsh | ||
| 653 |
_bLLAAWW _cNovember2016 |
||
| 942 | _2ddc | ||
| 999 |
_c23382 _d23354 |
||